| 000 | 01549cam a22002294a 4500 | ||
|---|---|---|---|
| 005 | 20250605163924.0 | ||
| 008 | 250528s ||||||||||||||||||||||||d | ||
| 035 | _a14489 | ||
| 020 | _a9603440892 | ||
| 040 |
_aGR-AtMCL _bgre _dGR-AtMCL _eAACR2 |
||
| 245 | 1 | _aH Θεραπεια Gestalt | |
| 250 | _a2η | ||
| 260 |
_bΕλληνικά Γράμματα, _c1995 |
||
| 300 | _a216 | ||
| 520 | _aΈνας κατατοπιστικός και χρήσιμος οδηγός για το νεοφώτιστο αναγνώστη, ο οποίος επιχειρεί να μυήσει υπεύθυνα και μεθοδικά στη θεωρία και πράξη της θεραπείας Gestalt. Πρόλογος, Θεραπεία Gestalt: Επιρροές και Γέννηση, Έννοιες και Στόχοι και Διεργασίες της Θεραπείας Gestalt, Η Επαφή, Τεχνικές της Επίγνωσης: Γλώσσα και μη Τεχνική Επικοινωνία, Πειράματα, Όνειρα και Φαντασιώσεις, Έρευνες στη Θεραπεία Gestalt, Μέθοδοι και Προβλήματα και Νέες Κατευθύνσεις στη Θεραπεία Gestalt, Θεραπεία Gestalt: Κριτική Αξιολόγηση, Βιβλιογραφικές Αναφορές. | ||
| 700 | 1 |
_aO'Leary Eleanor _9182 |
|
| 700 | 1 |
_aΝέστορος Ιωάννης Ν _9183 |
|
| 700 | 1 |
_aΠολέμικος Νικήτας Ε _9184 |
|
| 942 | _cBK | ||
| 999 |
_c118 _d118 |
||